Library Banner

Teaching and learning in higher education (Record no. 63959)

MARC details
000 -LEADER
fixed length control field 00573nam a2200193Ia 4500
001 - CONTROL NUMBER
control field 63355
008 - FIXED-LENGTH DATA ELEMENTS--GENERAL INFORMATION
fixed length control field 150108s9999 xx 000 0 und d
020 ## - INTERNATIONAL STANDARD BOOK NUMBER
International Standard Book Number 9781446254639
040 ## - CATALOGING SOURCE
Transcribing agency PK-LaUMT
082 ## - DEWEY DECIMAL CLASSIFICATION NUMBER
Classification number 378.12
Item number CLE-T
100 ## - MAIN ENTRY--PERSONAL NAME
Personal name Cleaver, Elizabeth
245 ## - TITLE STATEMENT
Title Teaching and learning in higher education
Remainder of title disciplinary approaches to educational enquiry
Statement of responsibility, etc Cleaver, Elizabeth|Lintern, Maxine|Mclinden, Mike
260 ## - PUBLICATION, DISTRIBUTION, ETC. (IMPRINT)
Place of publication, distribution, etc Los Angles,USA:
Name of publisher, distributor, etc Sage,
Date of publication, distribution, etc 2014
300 ## - PHYSICAL DESCRIPTION
Extent 246 p.
546 ## - LANGUAGE NOTE
Language note EN
700 ## - ADDED ENTRY--PERSONAL NAME
Personal name Lintern, Maxine
700 ## - ADDED ENTRY--PERSONAL NAME
Personal name Mclinden, Mike
942 ## - ADDED ENTRY ELEMENTS (KOHA)
Koha item type Books
Holdings
Withdrawn status Lost status Damaged status Not for loan Home library Current library Date acquired Total Checkouts Full call number Barcode Date last seen Price effective from Koha item type
        UMT Main Campus UMT Main Campus 2015-01-08   378.12 CLE-T 86659 2015-01-08 2015-01-08 Books